Score 0/16 Timer 02:00
1 Play Today
Scrambled Answer % Correct
WXTITwix
99.7%
RMSAMars
96.3%
YBBA TRUHBaby Ruth
93.4%
NCCRUHCrunch
88.4%
MADONL OYJAlmond Joy
84.9%
HEHATHeath
80.9%
KLIYM AYWMilky Way
78.9%
TEHRE SESKETMEUR3 Musketeers
73.9%
Scrambled Answer % Correct
ERSHYHEHershey
69.7%
DYPYAAPayday
68.5%
EBRETFIUGRTNButterfinger
67.2%
SNUDOMMounds
57%
LTAITCAHCMWHALAWhatchamacallit
52.9%
SNETRHOLCA CWHECharleston Chew
51.4%
RNKSCSEISnickers
47.3%
LCOAELRMACaramello
17.8%
Remove Ads.
Support Sporcle.
Get the best of Sporcle when you Go Orange. This ad-free experience offers more features, more stats, and more fun while also helping to support Sporcle. Thank you for becoming a member.

You're not logged in!

Compare scores with friends on all Sporcle quizzes.
OR
Log In

Show Comments

Extras

Top Quizzes Today


Score Distribution

Your Account Isn't Verified!

In order to create a playlist on Sporcle, you need to verify the email address you used during registration. Go to your Sporcle Settings to finish the process.

Report this User

Report this user for behavior that violates our Community Guidelines.

Details: